000 00858nam a2200277 a 4500
001 000048473
003 DO-SdBNP
005 20240313073820.0
007 ta
008 190322s2011 dr r 000 m spa d
020 _a9789945412536
040 _aDO-SdBNP
_bspa
_cBNPHU
082 4 _bC957f
_222
100 1 _aCruz, Serefino de la
_975884
245 1 3 _aEl FALPO :
_bdesde la teoría de los movimientos sociales /
_cSerafino de la Cruz.
260 _aSanto Domingo :
_bFUNGLODE:
_bOPD,
_c2011.
300 _a20 p. ;
_c23 cm.
490 1 _aSociedad Civil
_v1
500 _aIncluye índice
504 _aBibliografía : p. 19-20
590 _aInventariado, 2019/LP
710 2 _aFundación Global Democracía y Desarrollo
_925477
710 2 _aObservatorio Político Dominicano (OPD)
_975834
830 0 _aSociedad Civil
_n1
_975885
942 _2ddc
_cLBS1
999 _c47961
_d47961